Engineering heat transfers / (Record no. 3370)

000 -LEADER
fixed length control field 00364nam a22001337a 4500
008 - FIXED-LENGTH DATA ELEMENTS--GENERAL INFORMATION
fixed length control field 200609b ||||| |||| 00| 0 eng d
082 00 - DEWEY DECIMAL CLASSIFICATION NUMBER
Classification number 621.402
Item number S6117
100 ## - MAIN ENTRY--PERSONAL NAME
9 (RLIN) 2815
Personal name Simonson, J. R.
245 10 - TITLE STATEMENT
Title Engineering heat transfers /
260 ## - PUBLICATION, DISTRIBUTION, ETC. (IMPRINT)
Place of publication, distribution, etc London
Name of publisher, distributor, etc Macmillan press
Date of publication, distribution, etc 1975
300 ## - PHYSICAL DESCRIPTION
Extent xiii, 257 p.
650 #0 - SUBJECT ADDED ENTRY--TOPICAL TERM
Topical term or geographic name as entry element Heat Transmission
942 ## - ADDED ENTRY ELEMENTS (KOHA)
Item type Books
Holdings
Withdrawn status Lost status Source of classification or shelving scheme Damaged status Not for loan Permanent location Current location Date acquired Full call number Barcode Date last seen Koha item type Total Checkouts Date last borrowed
          IMU Kolkata IMU Kolkata 2020-06-09 621.402 S6117 06024 2020-06-09 Books    
          IMU Kolkata IMU Kolkata 2020-06-09 621.402 S6117 06025 2025-09-01 Books 1 2025-08-22
Designed and Maintained by IMU-KC Library, Kolkata Campus © Copyright All Rights Reserved

webs counters

Powered by Koha